000 00907nam a2200217Ia 4500
003 0
005 20250122114927.0
008 150126s9999 xx 000 0 und d
050 _aPHS LC 268
_b.C744 2014
100 _aConcordia, Jasmine Adrianne Guerrero
245 2 _aA comparative study between christian schools and non-sectarian schools and it's effect to it's students' character /
_cJasmine Adrianne Guerrero Concordia.
260 _aLas PiƱas City, Philippines :
_bSouthville International School and Colleges,
_c2014.
300 _a30 pages :
_billustration ;
_c28 cm.
504 _aIncludes bibliographical references.
650 _aStudents Character.
650 _aChristian schools
_2Comparative studies.
650 _aNon-sectarian schools
_2Comparative studies.
650 _aMoral education
_2Case studies.
650 _aEducation
_2Religious aspects
_vChristianity.
942 _2lcc
_cPASS
999 _c278725
_d278725